000 00484nam a2200169Ia 4500
008 220214s9999 xx 000 0 und d
100 _aMoraes Vicente H de F
245 2 _aA possible role of cyanogenesis in the onset of tapping panel dryness of rubber (Hevea brasiliensis)
260 _bAgrotropica
_c2003
300 _a103-106
650 _aB glycosidase
650 _aBrown bast
650 _aLinamarin
650 _aLinustain
700 _aMoraes Larissa A C
942 _cRE
999 _c45455
_d45455